00656nam a2200169 a 450000100100000000500170001000800410002704000250006824500750009326000630016830000270023149000340025870000310029283000410032395201050036499900170046900003176720200930063150.0110701s2000 dr a 000 0 spa d aDO-SdBNPbspacBNPHU00aLiderazgo y autoestima con visión de género /cCecilia Corporán. aSanto Domingo :bInstituto de la Mujer de España,c2000. a16 p. :bil. ;c28 cm.1 aCuaderno popular educativov21 aCorporán, Cecilia957999 0aCuaderno popular educativov2958000 0010718PDaPDbPDcCTd2011-07-01iLF1l0o p31767-10r2020-06-25w2020-06-25yLFPDZNo se presta c31259d31259